000 nam a22 a 4500
999 _c527
_d527
005 20170504103500.0
008 170504b1977 enk||||| |||| 00| 0 eng d
020 _a0140220585 (pbk)
_c£0.95
040 _aAKMAL
082 _a153.42 BON
090 _a153.42
_bBON
100 1 _aDe Bono, Edward,
_d1933-
_91066
245 1 4 _aThe happiness purpose /
_cEdward de Bono
260 _aHarmondsworth :
_bPenguin,
_c1979
300 _a268p. :
_b ill. ;
_c18cm
490 0 _aPelican books
500 _aOriginally published: London : Temple Smith, 1977
650 0 _aHappiness
_91180
942 _2ddc
_cBOOK